Statistics for Location of every ECW Championship Win

Click here to take the quiz!

General Stats

  • This quiz has been taken 63 times
  • The average score is 6 of 28

Answer Stats

Answer% Correct
New York City
86%
Philadelphia
74%
Atlanta
52%
Dallas
34%
Cincinnati
30%
Houston
30%
Orlando
30%
Cleveland
28%
Jacksonville
24%
Nashville
24%
New Orleans
24%
Indianapolis
20%
Kansas City
16%
Saint Paul
12%
Providence
10%
Augusta
8%
Fort Lauderdale
8%
Kissimmee
8%
Monaca
8%
Villa Park
8%
Charlottesville
6%
Mount Tabor
6%
Radnor
6%
Roanoke
6%
Sioux City
6%
Trenton
6%
White Plains
6%
Devon
4%

Score Distribution

Percentile by Number Answered

Percent of People with Each Score

Your Score History

You have not taken this quiz